02410nam a2200301 a 4500001000800000003000500008005001700013007000300030008004100033010001100074020002200085040002300107050001800130082003300148100001900181245011200200250001700312300004900329504003800378520144600416650001801862650004401880650002901924650001701953650004401970650002502014856006902039dia_842CHAP20260216124804.0ta220117s2025 sp abcogs 001 0 spa d a171391 a979-13-87556-25-9 cCHAPamxchpuaerda1 b.O78 C54 2025 220a808.849356bO78 C54 20251 aOrtega, Mireia13aLa ciencia y el azar :bla historia de los descubrimientos casuales que cambiaron el mundo /cMireia Ortega a1a edición a210 páginas :bilustraciones, mapas, fotos aBibliografía: páginas 198-2092 a¿Qué tienen en común el descubrimiento de la penicilina, los rayos X y el velcro? Todos ellos son fruto del azar, de ese momento mágico en que un científico se encuentra inesperadamente con algo completamente diferente de lo que buscaba inicialmente. La nueva obra de la divulgadora Mireia Ortega nos sumerge en un fascinante recorrido por algunos de los descubrimientos más importantes de la historia de la ciencia que surgieron por pura casualidad. Desde 1669 con el descubrimiento del fósforo blanco hasta finales 1998 con el desarrollo inesperado de la viagra, el libro nos muestra cómo la serendipia juega un papel fundamental en el progreso científico. A través de catorce capítulos que recorren más de tres siglos de historia, La ciencia y el azar desmitifica la idea de que los grandes descubrimientos son resultado únicamente de una planificación meticulosa. Cada capítulo nos revela cómo las coincidencias combinadas con la preparación y el ojo crítico y perspicaz de los investigadores pueden transformar un simple accidente en un avance revolucionario. Se trata de un homenaje a la curiosidad, la observación y ese punto de suerte que a veces marca la diferencia entre un experimento rutinario y un hallazgo que altera el transcurso de la historia. Un libro imprescindible para los amantes de la ciencia, que nos recuerda que a veces la verdadera innovación surge cuando menos lo esperamos.10aEnsayo xatg10aLiteratura españolaxSiglo XXI 2atg10aCiencia2atgxCasualidad10aEssay 2atg10aSpanish literaturey21st century 2atg10aScience2atgxChance41yLIBRO EN PDFuhttp://10.13.5.2/libros/ISBN_979-13-87556-25-9.pdf